| Tag |
First Indicator |
Second Indicator |
Subfields |
| LEADER |
00000cam a2200000I 4500 |
| 001 |
in00001745895 |
| 005 |
20151025051118.0 |
| 008 |
741021s1967 nyu 000 0 eng d |
| 035 |
|
|
|a (OCoLC)ocm01047829
|
| 040 |
|
|
|a PGP
|c PGP
|d TXA
|d UtOrBLW
|
| 049 |
|
|
|a TXAM
|
| 090 |
|
|
|a BT77
|b .C24 1967
|
| 100 |
1 |
|
|a Cassels, Louis.
|
| 245 |
1 |
0 |
|a Christian primer.
|
| 264 |
|
1 |
|a Garden City, N.Y. :
|b Doubleday,
|c [1967]
|
| 264 |
|
4 |
|c [©1964]
|
| 300 |
|
|
|a 108 pages ;
|c 21 cm.
|
| 336 |
|
|
|a text
|b txt
|2 rdacontent
|
| 337 |
|
|
|a unmediated
|b n
|2 rdamedia
|
| 338 |
|
|
|a volume
|b nc
|2 rdacarrier
|
| 490 |
0 |
|
|a Waymark books,
|v W3
|
| 536 |
|
|
|a From the books of Jack and Polly Kent, October, 2002.
|
| 650 |
|
0 |
|a Theology, Doctrinal
|v Popular works.
|
| 650 |
|
0 |
|a Christian life.
|
| 994 |
|
|
|a E0
|b TXA
|
| 948 |
|
|
|a cataloged
|b h
|c 2003/4/24
|d c
|e bhartsfi
|f 10:04:38 am
|
| 999 |
|
|
|a MARS
|
| 999 |
f |
f |
|s d0135d10-59bb-3d12-b329-21913aca5599
|i 3a52a72f-f12f-3dde-9039-d6b10d21c07b
|t 0
|
| 952 |
f |
f |
|p ric
|a Texas A&M University
|b Rellis Campus
|c Joint Library Facility
|d Remote Storage
|t 0
|e BT77 .C24 1967
|h Library of Congress classification
|i unmediated -- volume
|m A14830096622
|
| 998 |
f |
f |
|a BT77 .C24 1967
|t 0
|l Remote Storage
|